Medición de estados contables (Registro nro. 451)
[ vista simple ]
| 000 -LEADER | |
|---|---|
| fixed length control field | 01424 a2200229 4500 |
| 001 - CONTROL NUMBER | |
| control field | 10424 |
| 005 - DATE AND TIME OF LATEST TRANSACTION | |
| control field | 20260407155437.0 |
| 008 - FIXED-LENGTH DATA ELEMENTS--GENERAL INFORMATION | |
| fixed length control field | 260407a2008 arg spa d |
| 003 - CONTROL NUMBER IDENTIFIER | |
| control field | AR-UNSa-BCEJYS |
| 040 ## - CATALOGING SOURCE | |
| Original cataloging agency | AR-UNSa-BCEJYS |
| Language of cataloging | spa |
| Transcribing agency | AR-UNSa-BCEJYS |
| 080 ## - UNIVERSAL DECIMAL CLASSIFICATION NUMBER | |
| Universal Decimal Classification number | 657.3 |
| Common auxiliary subdivision | Presupuestos. Cierre de Cuentas. Balances (Estados Contables) |
| 020 ## - INTERNATIONAL STANDARD BOOK NUMBER | |
| International Standard Book Number | 978-987-01-0833-7 |
| 100 1# - MAIN ENTRY--PERSONAL NAME | |
| Personal name | Paulone, Héctor Mauricio |
| 245 10 - TITLE STATEMENT | |
| Title | Medición de estados contables |
| 264 #1 - PRODUCTION, PUBLICATION, DISTRIBUTION, MANUFACTURE, AND COPYRIGHT NOTICE | |
| Place of production, publication, distribution, manufacture | Buenos Aires : |
| Name of producer, publisher, distributor, manufacturer | Errepar |
| Date of production, publication, distribution, manufacture, or copyright notice | 2008 |
| 300 ## - PHYSICAL DESCRIPTION | |
| Extent | xiv, 338 p. |
| Dimensions | 27 cm. |
| 505 ## - FORMATTED CONTENTS NOTE | |
| Formatted contents note | 1. Modelos contables - 2. Unidad de medida. Los cambios de precios y los estados contables - 3. Resultados fnancieros - 4. Normas contables - 5. Marco conceptual de las normas contables profesionales - 6. Patrimonio neto - 7. Los valores de incorporación al patrimonio - 8. Medición al cierre del ejercicio. Criterios generales - 9. Medición al cierre del ejercicio. Particularidades de cada rubro - 10. Contingencias. Hechos posteriores al cierre. Modifcaciones de resultados de ejercicios anteriores - 11. Impuesto diferido - 12. Valor patrimonial proporcional - 13. Consolidación de estados contables - 14. Conversión de estados contables |
| 590 ## - LOCAL NOTE (RLIN) | |
| Local note | niveau_biblio:m niveau_hierar:0 |
| 700 1# - ADDED ENTRY--PERSONAL NAME | |
| Personal name | Veiras, Alberto |
| 856 41 - ELECTRONIC LOCATION AND ACCESS | |
| Uniform Resource Identifier | <a href="https://biblioeco.unsa.edu.ar/pmb/images/libros/Medicion de estados contables2-l118701.jpg">https://biblioeco.unsa.edu.ar/pmb/images/libros/Medicion de estados contables2-l118701.jpg</a> |
| Link text | Imagen de portada |
| Electronic format type | image/jpeg |
| 942 ## - ADDED ENTRY ELEMENTS (KOHA) | |
| Koha item type | |
| Withdrawn status | Lost status | Damaged status | Not for loan | Home library | Current library | Shelving location | Date acquired | Total checkouts | Full call number | Barcode | Date last seen | Price effective from | Koha item type |
|---|---|---|---|---|---|---|---|---|---|---|---|---|---|
| Biblioteca Prof. Eusebio Cleto del Rey | Biblioteca Prof. Eusebio Cleto del Rey | 07/04/2026 | 657.3 P324m | L118701 | 07/04/2026 | 07/04/2026 | Libro | ||||||
| Biblioteca Prof. Eusebio Cleto del Rey | Biblioteca Prof. Eusebio Cleto del Rey | 07/04/2026 | 657.3 P324m | L118702 | 07/04/2026 | 07/04/2026 | Libro |